书目信息 |
| 题名: |
零起点标准英语发音快突破
|
|
| 作者: | 常俊跃 , 曾荣 主编 | |
| 分册: | ||
| 出版信息: | 大连 大连理工大学出版社 2009.01 |
|
| 页数: | 175页 | |
| 开本: | 21cm | |
| 丛书名: | ||
| 单 册: | ||
| 中图分类: | H311 | |
| 科图分类: | ||
| 主题词: | 英语--ying yu--发音 | |
| 电子资源: | ||
| ISBN: | 978-7-5611-4626-2 | |
| 000 | 00976nam0 2200253 450 | |
| 001 | 012010673065 | |
| 005 | 20100604113806.95 | |
| 010 | @a978-7-5611-4626-2@dCNY19.80 (含光盘) | |
| 016 | @aCN-Q08-09-0024-0@b光盘 | |
| 100 | @a20100604d2009 em y0chiy0120 ea | |
| 101 | 0 | @achi@aeng |
| 102 | @aCN@b210000 | |
| 105 | @ay z 000yy | |
| 106 | @ar | |
| 200 | 1 | @a零起点标准英语发音快突破@Aling qi dian biao zhun ying yu fa yin kuai tu po@f常俊跃, 曾荣主编@Fzhu bian chang jun yue,zeng rong |
| 210 | @a大连@c大连理工大学出版社@d2009.01 | |
| 215 | @a175页@d21cm@e光盘1片 | |
| 330 | @a本书分为十二课,讲解了英语发音规则和技巧。每课设有发音要领、发音诀窍、元辅音拼读、多音节划分、单词拼读及重音、单词连读、句子节奏模仿语音语调、辩音练习及常见字母和字母组合规律板块内容。 | |
| 606 | 0 | @a英语@Aying yu@x发音 |
| 690 | @aH311@v4 | |
| 701 | 0 | @a常俊跃@Achang jun yue@4主编 |
| 701 | 0 | @a曾荣@Azeng rong@4主编 |
| 801 | 0 | @aCN@bQSSK@c20100604 |
| 905 | @b781137-39@dH311@eC284@f3 | |
| 零起点标准英语发音快突破/常俊跃, 曾荣主编.-大连:大连理工大学出版社,2009.01 |
| 175页;21cm+光盘1片 |
| ISBN 978-7-5611-4626-2:CNY19.80 (含光盘) |
| 本书分为十二课,讲解了英语发音规则和技巧。每课设有发音要领、发音诀窍、元辅音拼读、多音节划分、单词拼读及重音、单词连读、句子节奏模仿语音语调、辩音练习及常见字母和字母组合规律板块内容。 |
| ● |
| 相关链接 |
|
|
|
正题名:零起点标准英语发音快突破
索取号:H311/C284
 
预约/预借
| 序号 | 登录号 | 条形码 | 馆藏地/架位号 | 状态 | 备注 |
| 1 | 781137 | 207811377 | 语言库209/209语言库 101排5列5层/ [索取号:H311/C284] | 在馆 | |
| 2 | 781138 | 207811386 | 语言库209/209语言库 101排5列5层/ [索取号:H311/C284] | 在馆 | |
| 3 | 781139 | 207811395 | 语言库209/209语言库 101排5列5层/ [索取号:H311/C284] | 在馆 |